De la invención retórica.
Saved in:
| Hovedforfatter: | |
|---|---|
| Andre forfattere: | |
| Format: | Bog |
| Sprog: | engelsk |
| Udgivet: |
México, D.F., México:
Universidad Nacional Autónoma de México (UNAM),
1997.
|
| Udgivelse: | Primera edición. |
| Serier: | Bibliotheca scriptorum Graecorum et Romanorum Mexicana.
|
| Fag: | |
| Tags: |
Tilføj Tag
Ingen Tags, Vær først til at tagge denne postø!
|
MARC
| LEADER | 00000nam a22000007a 4500 | ||
|---|---|---|---|
| 003 | CL-VaPUC | ||
| 005 | 20220822114441.0 | ||
| 008 | 220324t1997 ||||| |||| 00| 0 eng d | ||
| 999 | |c 435116 |d 435114 | ||
| 020 | |a 968-36-5540-8 (rústica) | ||
| 020 | |a 968-36-5538-6 (tapa dura) | ||
| 040 | |c Pontificia Universidad Católica de Valparaíso | ||
| 082 | 7 | |a 875.01 CIC 1997 |2 22 | |
| 100 | |a Cicerón, Marco Tulio |e autor |9 255203 | ||
| 245 | |a De la invención retórica. | ||
| 246 | |a Obras de Marco Tulio Cicerón. |b De la invención retórica. | ||
| 250 | |a Primera edición. | ||
| 260 | |a México, D.F., México: |b Universidad Nacional Autónoma de México (UNAM), |c 1997. | ||
| 300 | |a Paginación irregular. | ||
| 490 | |a Bibliotheca scriptorum Graecorum et Romanorum Mexicana. | ||
| 500 | |a c.1 Donación Familia Prof. Alejandro Guzmán Brito. | ||
| 583 | |c 20220324 |k Yessy Stephany Diaz Vidal | ||
| 650 | |a Retórica latina |9 869576 | ||
| 700 | |a Reyes Coria, Bulmaro |9 467654 |e introducción |e traducción |e notas | ||
| 942 | |2 ddc |c BK |n 0 | ||
| 952 | |0 0 |1 0 |2 ddc |4 0 |6 875_010000000000000_CIC_1997 |7 0 |8 C_AGB |9 582121 |a BIBDER |b BIBDER |d 2022-03-24 |e Donación |i 5650355 |o 875.01 CIC 1997 |p 5650355 |r 2023-01-25 |t 1 |w 2022-03-24 |y BK_US |k AGB | ||